000 00941nas a2200301 4500
001 BR2010005767
003 BR-BrBNA
005 20231205114749.0
007 ta
008 230509b bl.|||p| |||| 00| 00por d
040 _aBR-BrBNA
_bpor
_cBiblioteca Nacional de Agricultura
041 _a(Pt)
072 _aF01
100 1 _aPereira, C.S.
100 1 _aSiqueira, D.L. de
100 1 _aSantos, D. dos
100 1 _aSalomão, L.C.C.
100 1 _aCecon, P.R.
245 1 _aCrescimento vegetativo e intensidade de cor verde das folhas de limeira ácida Tahiti anelada e tratada com ácido giberélico
650 _aLIMA
650 _aÁCIDO GIBERÉLICO
650 _aREGULADOR DE CRESCIMENTO
650 _aANELAGEM
650 _aPRÁTICA CULTURAL
773 0 _tCiência Rural (Brazil)
_xISSN 0103-8478
_g(Sep 2010), v. 40(9) p. 1916-1921
_wBR2010005767
909 _a202311
_bLúcia
_c55
_dLúcia Elande
942 _2AGRIS
_n0
_cANA
999 _c210364
_d210364